|
|
|
|
| LEADER |
00000nam0a2200000 4500 |
| 001 |
683816 |
| 005 |
20251222092613.0 |
| 090 |
|
|
|a 683816
|
| 100 |
|
|
|a 20251222d1978 em|y0rusy50 ca
|
| 101 |
0 |
|
|a rus
|
| 102 |
|
|
|a RU
|
| 105 |
|
|
|a a z 000yy
|
| 181 |
|
0 |
|a i
|b e
|
| 182 |
|
0 |
|a n
|
| 183 |
|
0 |
|a nc
|2 RDAcarrier
|
| 200 |
1 |
|
|a Продолжение подвига
|f С. А. Аслезов
|
| 203 |
|
|
|a Текст
|b визуальный
|c непосредственный
|
| 210 |
|
|
|a Москва
|c Изд-во ДОСААФ СССР
|d 1978
|
| 215 |
|
|
|a 71 с.
|c ил.
|
| 283 |
|
|
|a volume
|2 RDAcarrier
|
| 606 |
|
|
|a Военно-патриотическое воспитание
|9 65699
|
| 610 |
1 |
|
|a Белоруссия
|
| 610 |
1 |
|
|a Великая Отечественная война 1941-1945
|
| 610 |
1 |
|
|a бои
|
| 610 |
1 |
|
|a сражения
|
| 610 |
1 |
|
|a память
|
| 610 |
1 |
|
|a Вооруженные силы
|
| 610 |
1 |
|
|a боевые традиции
|
| 610 |
1 |
|
|a монументальная пропаганда
|
| 610 |
1 |
|
|a мемориалы
|
| 686 |
|
|
|2 rubbk
|a Ц4,6(2)91
|
| 700 |
|
1 |
|a Аслезов
|b С. А.
|g Станислав Александрович
|
| 801 |
|
0 |
|a RU
|b 63413507
|c 20251222
|
| 830 |
|
|
|a Ретро2025Каталогизация Шило
|
| 850 |
|
|
|a 63413507
|
| 942 |
|
|
|c BK
|